00263nam a2200097Ia 4500008004100000041000800041100002700049245003900076260003100115999001900146241105s9999 xx 000 0 und d aeng aHejib Vaidehi.9183750 aLow Carbon Community For Bangalore bBNCA M Arch EA, Punec2019 c361777d361777